书目信息 |
| 题名: |
现代建筑与设计
|
|
| 作者: | 里斯贝罗 著 | |
| 分册: | ||
| 出版信息: | 北京 中国建筑工业出版社 1999.09 |
|
| 页数: | 247页 | |
| 开本: | 16开 | |
| 丛书名: | ||
| 单 册: | ||
| 中图分类: | TU-092 | |
| 科图分类: | ||
| 主题词: | 建筑史 | |
| 电子资源: | ||
| ISBN: | 7-112-03748-4 | |
| 000 | 00698nam0 2200205 45 | |
| 001 | 0002251537 | |
| 005 | 20000604150316.2 | |
| 010 | @a7-112-03748-4@d30.00元 | |
| 100 | @a20000225d1999 km y0chiy0120 ea | |
| 101 | @achi | |
| 105 | @a z 000yy | |
| 200 | 1 | @a现代建筑与设计@AXian Dai Jian Zhu Yu She Ji@f(英)里斯贝罗著@F(Ying)Li Si Bei Luo Zhu@e简明现代建筑发展史@EJian Ming Xian Dai Jian Zhu Fa Zhan Shi |
| 210 | @a北京@c中国建筑工业出版社@d1999.09 | |
| 215 | @a247页@d16开 | |
| 517 | @a简明现代建筑发展史@AJian Ming Xian Dai Jian Zhu FaZhan Shi | |
| 606 | 0 | @a建筑史 |
| 690 | @aTU-092@v3 | |
| 701 | @a里斯贝罗@4著 | |
| 801 | @aCN@bPftUser@c20000225 | |
| 905 | @b58555-557@dTU-092@eL044@f3 | |
| 现代建筑与设计/(英)里斯贝罗著:简明现代建筑发展史.-北京:中国建筑工业出版社,1999.09 |
| 247页;16开 |
| ISBN 7-112-03748-4:30.00元 |
| ● |
| 相关链接 |
|
|
|
正题名:现代建筑与设计
索取号:TU-092/L044
 
预约/预借
| 序号 | 登录号 | 条形码 | 馆藏地/架位号 | 状态 | 备注 |
| 1 | 58555 | 200585553 | 建筑库101/101建筑库 5排1列4层/ [索取号:TU-092/L044] | 在馆 | |
| 2 | 58556 | 200585562 | 自科二线404/404自科库 3排6列4层/ [索取号:TU-092/L044] | 在馆 | |
| 3 | 58557 | 200585571 | 自科二线404/404自科库 3排5列1层/ [索取号:TU-092/L044] | 在馆 |